Highest Seeds To Make The Final Four In NCAA Tournament History - Statistics

General Stats
  • This quiz has been taken 348 times
  • The average score is 5 of 10
Answer Stats
Seed Year Team Result % Correct
11 2024 NC State Lost in Final Four
86%
11 2018 Loyola-Chicago Lost in Final Four
66%
9 2023 FAU Lost in Final Four
61%
11 2006 George Mason Lost in Final Four
57%
11 2021 UCLA Lost in Final Four
55%
11 2011 VCU Lost in Final Four
55%
10 2016 Syracuse Lost in Final Four
38%
9 2013 Wichita State Lost in Final Four
32%
11 1986 LSU Lost in Final Four
26%
9 1979 Penn Lost in Final Four
12%
No matching quizzes found
Score Distribution
Percent of People with Each Score
Percentile by Number Answered
Your Score History
You have not taken this quiz